000 00459nam a2200181Ia 4500
008 151018s9999 xx 000 0 und d
082 _bRBASDV22309
_a891.433
100 _aराजहंस
245 _aअभिमान
250 _b4
260 _bरुमानी
_c1974
300 _a123
600 _aराजहंस
630 _aअभिमान
700 _aराजहंस
730 _aअभिमान
942 _cBOOK
999 _c1021979
_d1021976